Focus 3 Unit 2 słówka - Statystyki

Ogólne statystyki
  • Ten quiz został rozwiązany 183 razy
  • Średni wynik to 58 z 160
Statystyki odpowiedzi
pol. ang % Poprawnych
lekkoatleta athlete
86%
lekkoatletyka athletics
81%
bieżnia athletics track
62%
boks boxing
60%
wyzwanie challenge
59%
trener coach
57%
hokej hockey
56%
judo judo
56%
mecz match
52%
trener trainer
52%
siatkówka volleyball
52%
kibic fan
51%
gracz player
51%
squash squash
51%
dopingować kogoś cheer sb on
49%
przeciwnik opponent
49%
żeglarstwo sailing
49%
pobić rekord świata break a world record
48%
spalić coś burn sth off
48%
przegrać mecz lose a match
48%
czerwona/żółta kartka red/yellow card
48%
kolega z drużyny teammate
48%
kort do badmintona/squasha/tenisa badminton/squash/tennis court
46%
pokonać przeciwnika beat an opponent
46%
współzawodniczyć compete
46%
finał final
46%
dostać sie do get into
46%
jogging jogging
46%
moc power
46%
sędzia referee
46%
lodowisko rink
46%
biegacz runner
46%
pływanie swimming
44%
wrestling wrestling
44%
aktywny active
43%
sport wyczynowy competitive sport
43%
złoty medal gold medal
43%
maraton marathon
43%
sauna sauna
43%
widz spectator
43%
prędkość speed
43%
tenis stołowy table tennis
43%
trening training
43%
być pierwszym/drugim/ostatnim na mecie come first/second/last
41%
współzawodnik competitor
41%
wziąć udział w go in for
41%
zawieść kogoś let sb down
41%
stracić punkt lose a point
41%
spudłować do bramki miss a goal
41%
mocny powerful
41%
zdobyć gola/punkty score a goal/points
41%
deska snowboardowa snowboard
41%
akcja action
40%
aktywować activate
40%
decydować decide
40%
wyścigi samochodowe motor racing
40%
pozycja position
40%
łyżwiarstwo skating
40%
przyspieszać speed up
40%
stadion stadium
40%
turniej tournament
40%
boisko do koszykówki/piłki ręcznej/netballu/siatkówki basketball/handball/netball/volleyball court
38%
decyzja decision
38%
utrzymywać dobrą forme keep fit
38%
zdeterminowany determined
37%
sport indywidualny/zespołowy individual/team sport
37%
sport halowy/sport uprawiany na świeżym powietrzu indoor/outdoor sport
37%
inspiracja inspiration
37%
skromny modest
37%
przeciwna drużyna opposing team
37%
rakieta racket
37%
wiosłować row
37%
klub żeglarski sailing club
37%
przyjąć wyzwanie take on a challenge
37%
zdobyć punkt win a point
37%
trenować work out
37%
ring bokserski/do sumo/do wrestlingu boxing/sumo/wrestling ring
35%
porzucić drop out of
35%
pole golfowe golf course
35%
kask helmet
35%
wzór do naśladowania role model
35%
być podobnym do take after
35%
zabandażować kolano bandage a knee
33%
chusta na szyje bandanna
33%
buty np. narciarskie boots
33%
skręcić kark break your neck
33%
troskliwy caring
33%
puchar Anglii w piłce nożnej FA cup
33%
poddać sie give up
33%
szatnia locker room
33%
rywal rival
33%
wydarzenie sportowe sport event
33%
wygrać mecz/nagrode win a game/prize
33%
zagwizdać blow a whistle
32%
zdecydowany decisive
32%
decydujący moment decisive moment
32%
doznać urazu get injured
32%
gogle goggles
32%
kopnąć piłke kick a ball
32%
wyprzedzić overtake
32%
nauczyć sie pick up
32%
zniechęcić kogoś do put sb off
32%
namówić kogoś na talk sb into
32%
determinacja determination
30%
uprawiać sport do sport
30%
robić w kółko to samo do the same thing over
30%
sport ekstremalny extreme sport
30%
hojny generous
30%
prowadzić lead
30%
podziwiać look up to
30%
optymistyczny positive
30%
puchar trophy
30%
pasjonować sie czymś be passionate about
29%
odważny courageous
29%
wyścig kolarski cycle race
29%
upaść fall over
29%
kij do hokeja hockey stick
29%
zrobić sobie krzywde hurt yourself
29%
bieg długodystansowy long-distance race
29%
tor wyścigowy motor racing track
29%
powtarzający sie repetitive
29%
snowboard snowboarding
29%
wypróbować try out
29%
gonić za chase after
27%
rzucić sie po piłke dive for the ball
27%
wyłonić sie emerge
27%
wstąpić do klubu join a club
27%
powtarzać sekwencje repeat a sequence
27%
powtórzenie repetition
27%
wziąć łyk take a sip
27%
boisko do krykieta/piłki nożnej/hokej/rugby cricket/football/hockey/rugby pitch
25%
przystąpić do zawodów enter a competition
25%
opadać na coś fall over sth
25%
inspiring inspirujący
25%
ochlapać ciało wodą splash your body with water
25%
pierwszy/ostatni etap the first/last phase
25%
brutalny violent
25%
odbijać piłke bounce the ball
24%
odejść od schematu break from your routine
24%
przedzierać sie przez crash through
24%
zagwarantować komuś spokój umysłu give sb peace of mind
24%
przekazać hand over
24%
wdzierać sie intrude on
24%
odmawiać refuse
24%
wytrzymałość resilience
24%
wytrzymały resilient
24%
przesąd superstition
24%
przesądny superstitious
24%
machać ramionami swing your arms
24%
punkt z którego nie ma odwrotu the point of no return
24%
zawody w chodzie sportowym walking race
24%
fizjoterapeuta physical therapist
22%
bezsensowny ridiculous
22%
stok narciarski ski slope
22%
przejść na zawodowstwo turn professional
22%
zaslugiwać na coś deserve sth
21%
popędzać urge
21%
bramkarz goalkepper
19%
konferencja prasowa press conference
19%
wjechać na góre wyciągiem take the lift up the mountain
19%
Nie znaleziono quizów pasujących do podanych kryteriów
Rozkład punktacji
Procent ludzi z każdym wynikiem
Percentyl według liczby udzielonych odpowiedzi
Twoja historia wyników
Nie rozwiązałeś tego quizu